La ciencia de la educación (Record no. 7729)

MARC details
000 -CABECERA
campo de control de longitud fija 00796nam a2200253 a 4500
003 - IDENTIFICADOR DEL NÚMERO DE CONTROL
campo de control MX-MxUPN
005 - FECHA Y HORA DE LA ÚLTIMA TRANSACCIÓN
campo de control 20241001063927.0
008 - ELEMENTOS DE LONGITUD FIJA--INFORMACIÓN GENERAL
campo de control de longitud fija 991125s1936 sp fr 001 0 spa d
035 ## - NÚMERO DE CONTROL DEL SISTEMA
Número de control de sistema UPN01000007729
040 ## - FUENTE DE LA CATALOGACIÓN
Centro catalogador/agencia de origen MX-MxUPN
Lengua de catalogación spa
Centro/agencia transcriptor MX-MxUPN
041 ## - CÓDIGO DE IDIOMA
Código de lengua del texto/banda sonora o título independiente spa
050 #4 - SIGNATURA TOPOGRÁFICA DE LA BIBLIOTECA DEL CONGRESO
Número de clasificación LC1021 C5
Número de documento/Ítem D4.2
100 1# - ASIENTO PRINCIPAL--NOMBRE PERSONAL
Nombre de persona Demoor, Jean,
Fechas asociadas al nombre 1867-1941
9 (RLIN) 30721
100 1# - ASIENTO PRINCIPAL--NOMBRE PERSONAL
Nombre de persona Jonckheere, Tobie
9 (RLIN) 53243
245 13 - MENCIÓN DE TÍTULO
Título La ciencia de la educación
260 ## - PUBLICACIÓN, DISTRIBUCIÓN, ETC.
Lugar de publicación, distribución, etc. Madrid :
Nombre del editor, distribuidor, etc. Ediciones de la Lectura,
Fecha de publicación, distribución, etc. 1936.
300 ## - DESCRIPCIÓN FÍSICA
Extensión 566 páginas :
Otras características físicas ilustraciones
490 0# - MENCIÓN DE SERIE
Mención de serie Ciencia y educación. Manuales
650 #0 - ASIENTO SECUNDARIO DE MATERIA - TERMINO TEMATICO
Término de materia o nombre geográfico como elemento de entrada Educación clásica
9 (RLIN) 16408
710 2# - ASIENTO SECUNDARIO - NOMBRE CORPORATIVO
Nombre de entidad corporativa o nombre de jurisdicción como elemento de entrada Instituto Nacional de Investigación Educativa (México)
Término indicativo de función/relación propietario anterior
9 (RLIN) 28086
902 ## - ELEMENTOS DE DATOS B LOCAL, LDB (RLIN)
Modificó MaríaRobles/260824
905 ## - TIPO DE MATERIAL
Tipo de material Libro
942 ## - ELEMENTOS DE PUNTO DE ACCESO ADICIONAL (KOHA)
Fuente del sistema de clasificación o colocación Library of Congress Classification
Suprimir en OPAC No
Tipo de ítem Koha Libro
Holdings
Estado de retiro Estado de pérdida Fuente del sistema de clasificación o colocación Estado dañado No para préstamo Código de colección Localización permanente Ubicación/localización actual Ubicación en estantería Fecha de adquisición Clasificación Código de barras Fecha visto por última vez Tipo de ítem Koha Nota pública
    Library of Congress Classification   Disponible (Previa cita) Fondo Reservado de libros Bib. Gregorio Torres Quintero Bib. Gregorio Torres Quintero Sala de Fondos Reservados Planta alta 18/11/2022 LC1021 C5 D4.2 366 31/12/2020 Libro Ejemplar con sello del Instituto Nacional de Investigación Educativa